Mixed Word Thesaurus Quiz Stats

 Plays Quiz Updated May 6, 2018

Score 0/18 Timer 05:00
1 Play Today
Anagram Synonym for 'said' % Correct
DEERMARKremarked
87.2%
DIPLEERreplied
84.2%
DIMECALEXexclaimed
76.1%
JENTERCITEDinterjected
74.7%
DEETRUTuttered
72.2%
VIDGLUEDdivulged
69.3%
REDCHEAPpreached
64.3%
ADDERLECdeclared
61%
WANEREDSanswered
60%
Anagram Synonym for 'said' % Correct
TUNICMADECOMcommunicated
56.4%
SITEDINSinsisted
55%
DOTTERERretorted
53.2%
NINEDOMETmentioned
47%
DDANCEMOMcommanded
43.8%
PINLACEDOMcomplained
39.6%
CARTUTEDIALarticulated
29.3%
NUECATDINEenunciated
15.6%
ODDSLICESdisclosed
13.7%

You're not logged in!

Compare scores with friends on all Sporcle quizzes.
OR
Log In

Sporcle TV

Today on Sporcle TV


Watch our educational content, quiz creation guides, and fun videos on Sporcle TV.

Show Comments

Extras

Top Quizzes Today


Score Distribution

Your Account Isn't Verified!

In order to create a playlist on Sporcle, you need to verify the email address you used during registration. Go to your Sporcle Settings to finish the process.

Report this User

Report this user for behavior that violates our Community Guidelines.

Details: